• 首页
  • 本馆介绍
  • 公告通知
  • 最新文献
  • 馆藏检索
  • 电子资源
  • 读者导购
  • 参考咨询
  • 我的图书馆
  • 登录
  • 详细信息显示
  • 放入我的书架
  • 预约/预借图书
  • 作者相关作品
  • 分类相关作品
  • 丛书相关作品
  • 出版社相关作品

书目信息

  • 表格格式
  • 工作单格式
  • 卡片格式
题名:
苗圃化学除草技术
    
 
作者: 董钧锋 , 王少丽 主编
分册:  
出版信息: 北京   中国农业科学技术出版社  2016
页数: 208页
开本: 21cm
丛书名:
单 册:
中图分类: S723.5 , S723
科图分类:
主题词: 苗圃--miao pu--化学除草
电子资源:
ISBN: 978-7-5116-2651-6
000 01026nam0 2200277 450
001 1673935941
005 20160815101355.9
010    @a978-7-5116-2651-6@dCNY25.00
100    @a20160815d2016 em y0chiy50 ea
101 0  @achi
102    @aCN@b110000
105    @aa a 000yy
106    @ar
200 1  @a苗圃化学除草技术@Amiao pu hua xue chu cao ji shu@f董钧锋, 王少丽主编
210    @a北京@c中国农业科学技术出版社@d2016
215    @a208页@c图@d21cm
320    @a有书目 (第207-208页)
330    @a本书介绍苗圃主要杂草的形态特征、生物学特性、分布区域及危害状况,并附有各种杂草的形态特征图;介绍已在我国进行试验、示范、推广的国内外主要化学除草剂的产品性能、作用特点和使用方法;介绍各种苗圃田控制杂草危害的化学治理技术措施等。
333    @a从事苗圃杂草防除技术研究、开发、推广技术人员。
606 0  @a苗圃@Amiao pu@x化学除草
690    @aS723.5@v5
690    @aS723@v4
701  0 @a董钧锋@Adong jun feng@4主编
701  0 @a王少丽@Awang shao li@4主编
801  0 @aCN@b江苏新华@c20150511
905    @aBZT@dS723@e3
    
    苗圃化学除草技术/董钧锋, 王少丽主编.-北京:中国农业科学技术出版社,2016
    208页:图;21cm
    使用对象:从事苗圃杂草防除技术研究、开发、推广技术人员。
    
    ISBN 978-7-5116-2651-6:CNY25.00
    本书介绍苗圃主要杂草的形态特征、生物学特性、分布区域及危害状况,并附有各种杂草的形态特征图;介绍已在我国进行试验、示范、推广的国内外主要化学除草剂的产品性能、作用特点和使用方法;介绍各种苗圃田控制杂草危害的化学治理技术措施等。
●
相关链接 在五车中查询图书 在当当中查询图书 在豆瓣中查询图书


正题名:苗圃化学除草技术     索取号:S723/3         预约/预借

序号 登录号 条形码 馆藏地/架位号 状态 备注
1 800504   2000800504   第二书库/ [索取号:S723/3] 在馆    
2 800505   2000800505   第二书库/ [索取号:S723/3] 在馆    
3 800506   2000800506   第二书库/ [索取号:S723/3] 在馆    
山东省滨州职业学院图书馆 欢迎您!
大连网信软件有限公司© 版权所有